000 00813nam a22002177a 4500
999 _c17034
_d17034
003 AR-CdUCM
008 190507b ||||| |||| 00| 0 spa d
040 _aMUNICIPALIDAD PROVINCIAL DEL CUSCO
_cBIBLIOTECA MUNICIPAL DEL CUSCO
082 _a985.02 /
_bL795
100 _aLoayza, Francisco A.
_927997
245 _aCahuide no existe :
_bensayo crítico-histórico, basado en antiguos documentos irrefutables /
260 _aLima ;
_c1944.
300 _a155 páginas ;
_c17 cm.
440 _aLos pequeños grandes libros de historia americana
_936332
505 _aContenido: Declaración preliminar -- Introducción -- Testimonios de actores en el sitio del Cuzco...
650 _aCrónicas
_9247
650 _aCuzco
_97693
650 _aImperio inca
_9770
942 _2ddc
_cLIBROS
945 _adavv
_d07/05/2019